Southville International School and Colleges
Your cart is empty.
  • Cart
  • Lists
    Public lists Eva Luna New books Lux_list list_1
    Your lists Log in to create your own lists
  • Log in to your account
  • Your cookies
  • Search history
Southville International School and Colleges
  • Advanced search
  • Recent comments
  • Most popular
  • Libraries

Log in to your account

Log in with GOOGLE


If you do not have an external account, but do have a local account, you can still log in:

  1. Home
  2. MARC view: A Nancy Drew & Hardy boys super mystery :
Normal view MARC view ISBD view

A Nancy Drew & Hardy boys super mystery : (Record no. 934)

[ view plain ]
MARC details
000 -LEADER
fixed length control field 01017cam a22003253a 4500
001 - CONTROL NUMBER
control field 16407339
003 - CONTROL NUMBER IDENTIFIER
control field OSt
005 - DATE AND TIME OF LATEST TRANSACTION
control field 20140310181648.0
008 - FIXED-LENGTH DATA ELEMENTS--GENERAL INFORMATION
fixed length control field 910713s1991 nyu j 000 1 eng d
010 ## - LIBRARY OF CONGRESS CONTROL NUMBER
LC control number 98810409
020 ## - INTERNATIONAL STANDARD BOOK NUMBER
International Standard Book Number 0671674668
035 ## - SYSTEM CONTROL NUMBER
System control number (OCoLC)ocm24070287
040 ## - CATALOGING SOURCE
Original cataloging agency JED
Transcribing agency JED
Modifying agency SLC
-- DLC
050 00 - LIBRARY OF CONGRESS CALL NUMBER
Classification number PZ 8
Item number .K26 1991
082 ## - DEWEY DECIMAL CLASSIFICATION NUMBER
Classification number KF
Item number K25ndh 1991
100 1# - MAIN ENTRY--PERSONAL NAME
Personal name Keene, Carolyn.
9 (RLIN) 4653
245 10 - TITLE STATEMENT
Title A Nancy Drew & Hardy boys super mystery :
Statement of responsibility, etc Carolyn Keene.
Remainder of title high survival /
260 ## - PUBLICATION, DISTRIBUTION, ETC. (IMPRINT)
Place of publication, distribution, etc New York :
Name of publisher, distributor, etc Pocket Books,
Date of publication, distribution, etc c1991.
300 ## - PHYSICAL DESCRIPTION
Extent 214 p.
Dimensions 18 cm.
490 1# - SERIES STATEMENT
Series statement A Nancy Drew & Hardy boys super mystery
541 ## - IMMEDIATE SOURCE OF ACQUISITION NOTE
-- 1
562 ## - COPY AND VERSION IDENTIFICATION NOTE
Number of copies 1
650 ## - SUBJECT ADDED ENTRY--TOPICAL TERM
Topical term or geographic name as entry element Adventure
General subdivision fiction
9 (RLIN) 5200
650 ## - SUBJECT ADDED ENTRY--TOPICAL TERM
Topical term or geographic name as entry element Mystery
General subdivision Fiction
9 (RLIN) 5201
655 #7 - INDEX TERM--GENRE/FORM
Genre/form data or focus term Young adult fiction.
Source of term lcsh
9 (RLIN) 3735
655 #7 - INDEX TERM--GENRE/FORM
Genre/form data or focus term Mystery fiction.
Source of term gsafd
9 (RLIN) 4089
710 2# - ADDED ENTRY--CORPORATE NAME
Corporate name or jurisdiction name as entry element Copyright Paperback Collection (Library of Congress)
Institution to which field applies DLC
9 (RLIN) 705
906 ## - LOCAL DATA ELEMENT F, LDF (RLIN)
a 7
b cbc
c copycat
d 2
e ncip
f 19
g y-genrareb
942 ## - ADDED ENTRY ELEMENTS (KOHA)
Source of classification or shelving scheme Library of Congress Classification
Koha item type
Call number prefix
Holdings
Withdrawn status Lost status Source of classification or shelving scheme Damaged status Home library Current library Shelving location Date acquired Total Checkouts Full call number Barcode Date last seen Copy number Price effective from Koha item type
    Library of Congress Classification   Luxembourg Library Luxembourg Library Kids Fiction Section 07/29/2013   PZ 8 .K26 1991 5086 08/13/2013 1 10/03/2013 Books

A Nancy Drew & Hardy boys super mystery :

APA

Keene C., Copyright Paperback Collection (Library of Congress), . (1991). A Nancy Drew & Hardy boys super mystery. New York: Pocket Books.

Chicago

Keene Carolyn, Copyright Paperback Collection (Library of Congress), . 1991. A Nancy Drew & Hardy boys super mystery. New York: Pocket Books.

Harvard

Keene C., Copyright Paperback Collection (Library of Congress), . (1991). A Nancy Drew & Hardy boys super mystery. New York: Pocket Books.

MLA

Keene Carolyn, Copyright Paperback Collection (Library of Congress), . A Nancy Drew & Hardy boys super mystery. New York: Pocket Books. 1991.

  • Place hold
  • Print
  • Cite
  • Add to your cart (remove)
  • Save record
    BIBTEX Dublin Core MARCXML MARC (non-Unicode/MARC-8) MARC (Unicode/UTF-8) MARC (Unicode/UTF-8, Standard) MODS (XML) RIS
  • More searches
    Search for this title in:
    Other Libraries (WorldCat) Other Databases (Google Scholar) Online Stores (Bookfinder.com) Open Library (openlibrary.org)

Exporting to Dublin Core...

SOUTHVILLE LIBRARY

Southville International School and Colleges Library

1281 Tropical Ave. Cor. Luxembourg St., BF Homes International, Las Pinas City

Tel. No. 8256374 / 252358 Loc. 117/146

Powered by Koha